<?xml version="1.0" encoding="UTF-8"?>
<record
    xmlns:xsi="http://www.w3.org/2001/XMLSchema-instance"
    xsi:schemaLocation="http://www.loc.gov/MARC21/slim http://www.loc.gov/standards/marcxml/schema/MARC21slim.xsd"
    xmlns="http://www.loc.gov/MARC21/slim">

  <leader>00533nam a22001937a 4500</leader>
  <controlfield tag="005">20241217153123.0</controlfield>
  <datafield tag="010" ind1=" " ind2=" ">
    <subfield code="a">B-761470</subfield>
  </datafield>
  <datafield tag="020" ind1=" " ind2=" ">
    <subfield code="a">9789392210112</subfield>
    <subfield code="c">399.00 </subfield>
  </datafield>
  <datafield tag="035" ind1=" " ind2=" ">
    <subfield code="a">B-761470</subfield>
  </datafield>
  <datafield tag="037" ind1=" " ind2=" ">
    <subfield code="b">Gift</subfield>
  </datafield>
  <datafield tag="082" ind1=" " ind2=" ">
    <subfield code="a">S</subfield>
  </datafield>
  <datafield tag="100" ind1=" " ind2=" ">
    <subfield code="a">Sood, Ohanna</subfield>
    <subfield code="9">75278</subfield>
  </datafield>
  <datafield tag="245" ind1=" " ind2=" ">
    <subfield code="a">Virtuous or Wicked/</subfield>
    <subfield code="c">Ohanna Sood</subfield>
  </datafield>
  <datafield tag="260" ind1=" " ind2=" ">
    <subfield code="a">Chandigarh</subfield>
    <subfield code="b">The Browser</subfield>
    <subfield code="c">2023</subfield>
  </datafield>
  <datafield tag="270" ind1=" " ind2=" ">
    <subfield code="a">SCO 14-15, Sector 8-C,</subfield>
    <subfield code="b"> Chandigarh</subfield>
    <subfield code="e">160009</subfield>
  </datafield>
  <datafield tag="300" ind1=" " ind2=" ">
    <subfield code="a">72p.</subfield>
    <subfield code="c">22cm(pb)</subfield>
  </datafield>
  <datafield tag="942" ind1=" " ind2=" ">
    <subfield code="2">ddc</subfield>
    <subfield code="c">CH</subfield>
    <subfield code="m">SOO</subfield>
    <subfield code="h">S</subfield>
  </datafield>
  <datafield tag="999" ind1=" " ind2=" ">
    <subfield code="c">207764</subfield>
    <subfield code="d">207764</subfield>
  </datafield>
  <datafield tag="952" ind1=" " ind2=" ">
    <subfield code="0">0</subfield>
    <subfield code="1">0</subfield>
    <subfield code="4">0</subfield>
    <subfield code="7">0</subfield>
    <subfield code="8">FIC</subfield>
    <subfield code="a">L</subfield>
    <subfield code="b">L</subfield>
    <subfield code="d">2024-12-17</subfield>
    <subfield code="e">Gift/9.12.24</subfield>
    <subfield code="g">399.00</subfield>
    <subfield code="l">1</subfield>
    <subfield code="o">SOO S</subfield>
    <subfield code="p">B-761470</subfield>
    <subfield code="r">2025-04-01 00:00:00</subfield>
    <subfield code="s">2025-03-15</subfield>
    <subfield code="t">1</subfield>
    <subfield code="v">399.00</subfield>
    <subfield code="w">2024-12-17</subfield>
    <subfield code="y">CH</subfield>
    <subfield code="z">Gift</subfield>
  </datafield>
</record>
